Nineteenth centruy Histry of Maharashtra (Record no. 1024103)

MARC details
000 -LEADER
fixed length control field 00509nam a2200181Ia 4500
008 - FIXED-LENGTH DATA ELEMENTS--GENERAL INFORMATION
fixed length control field 151018s9999 xx 000 0 und d
082 ## - DEWEY DECIMAL CLASSIFICATION NUMBER
Item number RBASDV24459
Classification number 954
100 ## - MAIN ENTRY--PERSONAL NAME
Personal name B. R. Sunthankar
245 ## - TITLE STATEMENT
Title Nineteenth centruy Histry of Maharashtra
250 ## - EDITION STATEMENT
Remainder of edition statement 1
260 ## - PUBLICATION, DISTRIBUTION, ETC. (IMPRINT)
Name of publisher, distributor, etc Subadha pub.
Date of publication, distribution, etc 1988
300 ## - PHYSICAL DESCRIPTION
Extent 673
600 ## - SUBJECT ADDED ENTRY--PERSONAL NAME
Personal name B. R. Sunthankar
630 ## - SUBJECT ADDED ENTRY--UNIFORM TITLE
Uniform title Nineteenth centruy Histry of Maharashtra
700 ## - ADDED ENTRY--PERSONAL NAME
Personal name B. R. Sunthankar
730 ## - ADDED ENTRY--UNIFORM TITLE
Uniform title Nineteenth centruy Histry of Maharashtra
942 ## - ADDED ENTRY ELEMENTS (KOHA)
Koha item type Book
Holdings
Withdrawn status Lost status Damaged status Not for loan Home library Current library Date acquired Cost, normal purchase price Total Checkouts Full call number Barcode Date last seen Cost, replacement price Price effective from Koha item type
        R.B. Anant Shivaji Desai Vachanalaya and Granthalaya, Kudal R.B. Anant Shivaji Desai Vachanalaya and Granthalaya, Kudal 08/12/2009 22.00   RBASDV24459 RBASDV24459 10/18/2015 22.00 10/18/2015 Book